000
00334nam a2200145Ia 4500
008
230917s9999||||xx |||||||||||||| ||und||
020
_c
RS50.5
040
_e
12052
_a
MAIN
041
_a
English
082
_a
005.43 R15V
100
_a
Ranade, Jay
245
0
_a
VSAM: Concepts, programming and design
260
_c
1992
942
_c
BK
999
_c
96833
_d
96833